Loading...

ആ‌ധുനികത മലയാള നോവലില്‍ /

Bibliographic Details
Main Author: ജോസഫ്, കെ. അഗസ്റ്റിന്‍
Other Authors: Joseph, K. Agustin
Format: Printed Book
Language:English
Published: തിരുവനന്തപുരം ‌: കേരള ഭാഷാ ഇന്‍സ്റ്റിറ്റ്യൂട്ട്, 1997.
Edition:1st ed.
Subjects:
LEADER 00880nam a22001937a 4500
008 181105b xxu||||| |||| 00| 0 eng d
999 |c 25043  |d 25043 
082 |a W 894.1307  |b JOS 
100 |a ജോസഫ്, കെ. അഗസ്റ്റിന്‍ 
240 |a Adhunikatha malayala novalil  
245 |a ആ‌ധുനികത മലയാള നോവലില്‍ /  |c കെ. അഗസ്റ്റിന്‍ ജോസഫ്, 
250 |a 1st ed. 
260 |a തിരുവനന്തപുരം ‌:  |b കേരള ഭാഷാ ഇന്‍സ്റ്റിറ്റ്യൂട്ട്,  |c 1997. 
300 |a 268p. 
650 |a Study 
650 |a Malayala sahithyam 
700 |a Joseph, K. Agustin 
942 |2 ddc  |c REF 
952 |0 0  |1 0  |2 ddc  |4 0  |5 1  |6 W_894_130700000000000_JOS  |7 1  |9 34238  |a MAIN  |b MAIN  |d 2018-11-05  |g 55.00  |o W 894.1307 JOS  |p 33112  |r 2018-11-05  |t 1  |w 2018-11-05  |y REF